| 000 | 00637nam a22002297a 4500 | ||
|---|---|---|---|
| 003 | OSt | ||
| 005 | 20140310183026.0 | ||
| 008 | 130216t xxu||||| |||| 00| 0 eng d | ||
| 020 | _a9716857122 | ||
| 050 |
_aLB 1115 _b.L933 2010 |
||
| 100 | _aLucas, Maria Rita D. | ||
| 245 |
_aField study 3 : _cMaria Rita D. Lucas _btechnology in the learning environment / |
||
| 260 |
_aQuezon City : _bLorimar Pub. Co., _c2010. |
||
| 300 |
_a58 p. : _c28 cm. |
||
| 521 | _aEDU | ||
| 650 |
_aTeaching _vLearning materials |
||
| 650 |
_alearning _vMultimedia |
||
| 942 |
_2lcc _cBK _kLOC |
||
| 999 |
_c18409 _d18409 |
||